<?xml version="1.0" encoding="UTF-8"?><?xml-stylesheet type="text/xsl" href="static/style.xsl"?><OAI-PMH xmlns="http://www.openarchives.org/OAI/2.0/" xmlns:xsi="http://www.w3.org/2001/XMLSchema-instance" xsi:schemaLocation="http://www.openarchives.org/OAI/2.0/ http://www.openarchives.org/OAI/2.0/OAI-PMH.xsd"><responseDate>2026-06-03T11:17:01Z</responseDate><request verb="GetRecord" identifier="oai:riuma.uma.es:10630/34525" metadataPrefix="marc">https://riuma.uma.es/rest/oai/request</request><GetRecord><record><header><identifier>oai:riuma.uma.es:10630/34525</identifier><datestamp>2026-02-03T11:24:08Z</datestamp><setSpec>com_10630_2254</setSpec><setSpec>col_10630_37953</setSpec></header><metadata><record xmlns="http://www.loc.gov/MARC21/slim" xmlns:dcterms="http://purl.org/dc/terms/" xmlns:doc="http://www.lyncode.com/xoai" xmlns:xsi="http://www.w3.org/2001/XMLSchema-instance" xsi:schemaLocation="http://www.loc.gov/MARC21/slim http://www.loc.gov/standards/marcxml/schema/MARC21slim.xsd">
   <leader>00925njm 22002777a 4500</leader>
   <datafield ind2=" " ind1=" " tag="042">
      <subfield code="a">dc</subfield>
   </datafield>
   <datafield ind2=" " ind1=" " tag="720">
      <subfield code="a">Martínez-Mateo, Carlos José</subfield>
      <subfield code="e">author</subfield>
   </datafield>
   <datafield ind2=" " ind1=" " tag="260">
      <subfield code="c">2017-07-27</subfield>
   </datafield>
   <datafield ind2=" " ind1=" " tag="520">
      <subfield code="a">Las Mutuas colaboradoras con la Seguridad Social, son sometidas al control que cada año es realizado por la Intervención General de la Seguridad Social (IGSS). El informe de auditorí­a, fruto de esta labor, expresa una opinión profesional sobre los estados contables de la Mutua Colaboradora a partir de los datos que ésta ofrece.&#xd;
Un informe de auditorí­a sobre FREMAP en el ejercicio de 2008, fue recurrido por esta Mutua Colaboradora ante la Audiencia Nacional. Este documento, exigí­a una serie de reintegros a la Seguridad Social, por presuntas tarifas indebidamente imputadas como consecuencia de la realización de gastos no asumibles, por diferentes conceptos tales como pagos y retribuciones abonadas indebidamente a colaboradores, empresarios y miembros de la Junta Directiva, así­ como actividades que no pueden incluirse en la gestión colaboradora de la Seguridad Social desarrollada por las Mutuas. Finalmente, la Audiencia concedió parcialmente la pretensión de FREMAP.</subfield>
   </datafield>
   <datafield ind1="8" ind2=" " tag="024">
      <subfield code="a">El control del gasto de las mutuas según los informes de auditorí­a, una cuestión interpretativa. Comentario a la Sentencia de la Audiencia Nacional (Sala de lo Contencioso-Administrativo, Sección 4ª, Sentencia número 3/2017 de 23 de noviembre). (2017). Revista De Derecho De La Seguridad Social, Laborum, 12, 187-200. https://revista.laborum.es/index.php/revsegsoc/article/view/242</subfield>
   </datafield>
   <datafield ind1="8" ind2=" " tag="024">
      <subfield code="a">https://revista.laborum.es/index.php/revsegsoc/article/view/242</subfield>
   </datafield>
   <datafield ind1="8" ind2=" " tag="024">
      <subfield code="a">https://hdl.handle.net/10630/34525</subfield>
   </datafield>
   <datafield tag="653" ind2=" " ind1=" ">
      <subfield code="a">Mutualidades - Derecho</subfield>
   </datafield>
   <datafield tag="653" ind2=" " ind1=" ">
      <subfield code="a">Seguros - Derecho</subfield>
   </datafield>
   <datafield tag="653" ind2=" " ind1=" ">
      <subfield code="a">Sentencias</subfield>
   </datafield>
   <datafield ind2="0" ind1="0" tag="245">
      <subfield code="a">El control del gasto de las mutuas según los informes de auditoría, una cuestión interpretativa. Comentario a la Sentencia de la Audiencia Nacional (Sala de lo Contencioso-Administrativo, Sección 4ª, Sentencia número 3/2017 de 23 de noviembre).</subfield>
   </datafield>
</record>
</metadata></record></GetRecord></OAI-PMH>